Los textos fundamentales del psicoanálisis / [por] Sigmund Freud
保存先:
| 第一著者: | |
|---|---|
| フォーマット: | 図書 |
| シリーズ: | col. Alianza singular" (AS/2)
|
| 主題: | |
| タグ: |
タグなし, このレコードへの初めてのタグを付けませんか!
|
MARC
| LEADER | 00000nam^a2200000^u^4500 | ||
|---|---|---|---|
| 001 | 000540092 | ||
| 005 | 20250521000000.0 | ||
| 008 | 060220s1000^^^^^^^^^^^^r^^^^^000^0^spa^d | ||
| 009 | 20260310131156.041 | ||
| 035 | |a FMI 000007915 | ||
| 037 | |a Acervo Xavier Clavigero | ||
| 096 | |a 8.8.3/6/C | ||
| 100 | |a Freud, Sigmund |e (autor) | ||
| 245 | 1 | 4 | |a Los textos fundamentales del psicoanálisis / [por] Sigmund Freud |
| 264 | |a Madrid : Alianza, 1988 | ||
| 300 | |a 721 p. | ||
| 336 | |a texto |b txt |2 rdacontenido | ||
| 337 | |a sin mediación |b n |2 rdamedio | ||
| 338 | |a volumen |b nc |2 rdasoporte | ||
| 440 | 0 | |a col. Alianza singular" (AS/2) | |
| 597 | |a Selección e introducción de Anna Freud. Trad. del inglés ("The essentials of psychoanalysis") por Miriam Chorne / Gustavo Desal. | ||
| 649 | |a XX | ||
| 650 | |a PSICOANALISIS | ||
| 910 | |a Fondo Francisco Migoya Covarrubias S.J. | ||
| 920 | |a Impresos - Libros | ||
| 930 | |a Fondos Especiales | ||
| 905 | |a 134 | ||
| 901 | |a SBC04585 |b IT2 |c ESP |u 20250521 | ||
| 902 | |a https://opac.biblio.iteso.mx/vufind/Record/000540092 | ||